书目信息 |
| 题名: |
历代短篇小说选
|
|
| 作者: | ;河北文艺编辑部 编 | |
| 分册: | ||
| 出版信息: | 石家庄 河北文艺编辑部 不详 |
|
| 页数: | 404页 | |
| 开本: | 20cm | |
| 丛书名: | ||
| 单 册: | ||
| 中图分类: | I242.1 | |
| 科图分类: | ||
| 主题词: | 小说--中国 | |
| 电子资源: | ||
| ISBN: | ||
| 000 | 00557nam0 2200193 45 | |
| 001 | 0211041456 | |
| 005 | 20071115152144.98 | |
| 010 | @dCNY1.11 | |
| 100 | @a20021104d km y0chiy0120 ea | |
| 101 | 0 | @achi |
| 105 | @a z 000ay | |
| 200 | 1 | @a历代短篇小说选@ALi Dai Duan Pian Xiao Shuo Xuan@f河北文艺编辑部编@FHe Bei Wen Yi Bian Ji Bu Bian |
| 210 | @a石家庄@c河北文艺编辑部@d不详 | |
| 215 | @a404页@d20cm | |
| 606 | 0 | @a小说@x中国 |
| 690 | @aI242.1@v3 | |
| 711 | 02 | @a河北文艺编辑部@4编 |
| 801 | @aCN@bTSTC@c20071115 | |
| 905 | @f1@b941@f1@b943@dI242.1@e1 | |
| 历代短篇小说选/河北文艺编辑部编.-石家庄:河北文艺编辑部,不详 |
| 404页;20cm |
| ISBN :CNY1.11 |
| ● |
| 相关链接 |
|
|
|
|
正题名:历代短篇小说选
索取号:I242.1/1
 
预约/预借
| 序号 | 登录号 | 条形码 | 馆藏地/架位号 | 状态 | 备注 |
| 1 | 0000941 | 000183642 | 第二借阅区/ [索取号:I242.1/1] | 在馆 | |
| 2 | 0000943 | 000183571 | 第二借阅区/ [索取号:I242.1/1] | 在馆 | |
| 3 | 0473743 | 204737437 | 密集书库/ [索取号:I242.1/1] | 在馆 |